[Event "72nd RUS-ch Higher League 2019"]
[Site "Yaroslavl"]
[Date "2019.06.29"]
[Round "3.12"]
[White "Triapishko, Alexandr"]
[Black "Motylev, Alexander"]
[Result "1/2-1/2"]
[WhiteElo "2512"]
[BlackElo "2654"]
[Annotator "TA"]
[PlyCount "120"]
[EventDate "2019.06.27"]
[EventType "swiss"]
[EventCountry "RUS"]
[SourceTitle "playchess.com"]
[Source "ChessBase"]
[SourceQuality "1"]

{[%evp 16,120,12,5,18,6,6,13,10,9,15,4,19,16,18,0,0,0,0,0,0,0,0,0,0,0,0,0,0,0,0,0,0,0,0,0,0,0,0,0,0,-8,-8,-6,-6,-18,-6,-7,-7,-10,-6,-6,-6,-5,0,0,0,-16,-16,-16,-18,-56,-56,-84,77,75,76,77,81,77,85,85,85,85,85,62,67,62,67,73,60,8,8,8,8,8,7,2,2,2,2,0,0,0,2,2,2,2,2,6,6,2,2,2,2,2,2]} 1. e4 e5 2. Nf3 Nc6 3. Bb5 a6 4. Ba4 Nf6 5. O-O Be7 6. d3 b5 7. Bb3 d6 8. a3 O-O 9. Nc3 Rb8 {C77: Ruy Lopez: 3...a6 4 Ba4 Nf6, unusual lines} (9... Na5 10. Ba2 Be6 11. b4 Bxa2 12. Rxa2 Nc6 13. Bg5 Ng4 14. Bd2 Nf6 15. Re1 Qd7 16. Nd5 Nxd5 17. exd5 {½-½ (37) Anand,V (2774)-Svidler,P (2735) Karlsruhe/Baden Baden 2019}) 10. Nd5 Nxd5 11. Bxd5 Bd7 12. Be3 Bf6 13. b4 Ne7 14. Bb3 Ng6 15. a4 $146 ({Predecessor:} 15. c3 Bc6 16. a4 Qd7 17. h3 {1-0 (35) Schmider,N (2190)-Knuedel,T (2135) Wuerzburg 2018}) 15... bxa4 16. Bxa4 Rxb4 17. Bxd7 Qxd7 18. Rxa6 Rfb8 19. Nd2 Ra4 20. Rxa4 Qxa4 21. Nb3 Ra8 22. g3 Qc6 23. Nd2 Nf8 24. Qb1 Ne6 25. Qb3 Bg5 26. Bxg5 Nxg5 27. Rb1 {Threatening Qb8+!} Ne6 28. Qb7 Qxb7 29. Rxb7 $11 {[%mdl 4096] Endgame KRN-KRN} Kf8 30. Rb2 Ke7 31. Nc4 Kd7 32. Ne3 g6 33. Kg2 h5 34. h4 Kc8 35. Nd5 Ra1 36. Rb4 Ra2 37. Rc4 Kd7 38. Nf6+ Kd8 39. Nd5 {[#]} Nc5 $2 (39... c5 $1 $17 {stays on course.}) 40. Nb4 $16 Ra1 41. Nc6+ Kd7 {[#]} 42. Nxe5+ $1 {[%mdl 512]} dxe5 43. Rxc5 {KR-KR} Kd6 44. Rd5+ Ke6 45. f4 f6 46. c3 Ra2+ 47. Kf3 exf4 48. Kxf4 (48. gxf4 $14 Rh2 49. Kg3) 48... Rf2+ $11 {The position is equal.} 49. Ke3 Rg2 50. Kf3 Rd2 51. c4 c6 $1 {[%cal Rc6d5]} 52. Rd8 Ke7 53. Rg8 {Ke3 is the strong threat.} Rxd3+ 54. Kf4 Kf7 55. Rc8 Rd6 56. Rc7+ Kf8 57. Ke3 Kg8 58. c5 Re6 59. Kd4 Kf8 60. Rd7 Kg8 {Accuracy: White = 61%, Black = 71%.} 1/2-1/2

[Event "72nd RUS-ch Higher League 2019"]
[Site "Yaroslavl"]
[Date "2019.06.29"]
[Round "3.13"]
[White "Yanchenko, Roman"]
[Black "Ponkratov, Pavel"]
[Result "1/2-1/2"]
[WhiteElo "2478"]
[BlackElo "2649"]
[Annotator "TA"]
[PlyCount "161"]
[EventDate "2019.06.27"]
[EventType "swiss"]
[EventCountry "RUS"]
[SourceTitle "playchess.com"]
[Source "ChessBase"]
[SourceQuality "1"]

{[%evp 9,161,-3,10,10,11,6,21,35,30,30,26,0,33,0,0,0,0,0,0,0,-8,-8,-5,-6,0,-18,-12,-13,-16,-15,-10,-86,-69,-82,-76,-86,-35,-55,-40,-35,-29,-52,-29,-33,-1,-5,0,0,0,-5,-1,-2,-2,-8,0,0,0,0,0,-8,-8,-8,-5,-5,0,0,0,0,0,0,0,0,0,0,0,0,0,0,0,0,0,0,0,0,0,0,0,0,0,0,0,0,0,0,0,0,0,0,0,0,0,0,0,0,0,0,0,0,0,0,0,0,0,0,0,0,0,0,0,0,0,0,0,0,0,0,0,0,0,0,0,0,0,0,0,0,0,0,0,0,-1,-8,-8,-44,0,0,0,0,0,0,0,0,0,0]} 1. d4 Nf6 2. Nf3 c5 3. c3 e6 4. Bf4 Nc6 5. e3 Nh5 (5... d5 6. Nbd2 cxd4 7. exd4 Nh5 8. Be3 Qc7 9. g3 f5 10. Ne5 Nf6 11. Ndf3 Bd6 12. Nd3 O-O 13. Bg2 b6 14. O-O Ba6 {1-0 (47) Karjakin,S (2783)-Nakamura,H (2786) chess.com INT 2017}) 6. Bg5 {A46: 1 d4 Nf6 2 Nf3 e6: Torre, London and Colle Systems} Qb6 7. Nbd2 {Threatening Nc4.} h6 8. Nc4 Qc7 9. Bh4 d5 10. Nce5 $146 ({Predecessor:} 10. Nfe5 Nf6 11. Nxc6 bxc6 12. Ne5 Rb8 13. Rb1 {0-1 (22) Cieslak,L (1973)-Lacina,A (2227) Tabor 2011}) 10... g5 11. Nxc6 bxc6 12. Ne5 cxd4 13. exd4 Nf4 14. Bg3 Bd6 $36 {[%mdl 2048] Black has good play.} 15. Bxf4 gxf4 16. Qh5 Rb8 17. b4 Bxe5 18. Qxe5 Qxe5+ 19. dxe5 Rg8 20. O-O-O (20. g3 $11 {remains equal.}) 20... Rg5 $17 21. Re1 {[#]} a5 $1 {[%mdl 512]} 22. a3 (22. bxa5 Ra8) 22... Ra8 ({Black should try} 22... Bd7 $17) 23. Kb2 $15 Ba6 24. Bxa6 Rxa6 {[%mdl 4096] Endgame KRR-KRR} 25. g3 Ke7 26. Re2 Ra8 27. Rd1 Rb8 28. Rd4 fxg3 29. hxg3 c5 30. Rh4 h5 31. Re3 Rg4 32. Rxh5 axb4 33. cxb4 cxb4 34. f4 bxa3+ 35. Ka2 Rb2+ 36. Kxa3 Rg2 37. Rh3 $1 Rg8 38. Rc3 Kd7 39. Rh7 R8xg3 40. Rxf7+ {[#]} Ke8 $1 {[%mdl 512]} 41. Rfc7 Rxc3+ 42. Rxc3 $11 {KR-KR} Rf2 43. Kb4 Rxf4+ 44. Kc5 Ke7 45. Rh3 Rc4+ 46. Kb5 Re4 47. Rh5 $1 Kf7 {Threatens to win with ...Kg6.} 48. Rg5 Rc4 49. Rg2 Rc1 50. Rf2+ $1 Ke7 51. Rg2 $1 Re1 52. Rg7+ {[#]} Kf8 $1 53. Rg5 $1 Rc1 54. Rg2 Rc7 55. Rg6 $1 Kf7 56. Rf6+ Ke7 57. Rg6 $1 Rc2 58. Rg7+ Ke8 59. Rg3 $1 Kf7 60. Rf3+ Ke7 61. Rg3 Rc8 62. Rg7+ Kf8 63. Rg4 Kf7 64. Rf4+ Ke7 {...Rf8 is the strong threat.} 65. Rh4 Rc3 66. Rh7+ Kf8 {Hoping for ...Re3.} 67. Rh6 Kf7 68. Rf6+ $1 Ke7 {aiming for ...Re3.} 69. Rh6 Re3 70. Rh5 $1 Kf7 {White must now prevent ...Kg6.} 71. Rg5 $1 Rc3 72. Rg1 d4 73. Kb4 Rc8 74. Rg3 Rc1 75. Rg4 d3 76. Rd4 Rd1 (76... Kg6 $5 {[%cal Rg6f5]}) 77. Kc3 {The position is equal.} Kg6 78. Rxd3 Rxd3+ 79. Kxd3 Kf5 80. Ke2 Kxe5 {( -> ...Ke4)} 81. Ke3 {Accuracy: White = 85%, Black = 66%.} 1/2-1/2

[Event "72nd RUS-ch Higher League 2019"]
[Site "Yaroslavl"]
[Date "2019.06.29"]
[Round "3.14"]
[White "Alekseev, Evgeny"]
[Black "Nozdrachev, Vladislav"]
[Result "1/2-1/2"]
[WhiteElo "2645"]
[BlackElo "2481"]
[Annotator "TA"]
[PlyCount "95"]
[EventDate "2019.06.27"]
[EventType "swiss"]
[EventCountry "RUS"]
[SourceTitle "playchess.com"]
[Source "ChessBase"]
[SourceQuality "1"]

{[%evp 13,95,30,51,46,33,38,34,7,4,0,0,0,8,-49,-35,-35,-29,-74,-49,-49,-48,-90,-19,-19,-33,-66,0,0,0,0,17,17,24,25,95,95,97,102,97,56,56,56,56,56,56,56,70,60,73,46,46,51,54,55,53,20,20,0,56,0,17,8,8,0,8,0,8,8,15,8,8,0,0,0,0,0,0,0,0,0,0,0,0,0]} 1. e4 e5 2. Nf3 Nc6 3. Bb5 a6 4. Ba4 Nf6 5. O-O Bc5 6. c3 O-O 7. d4 Ba7 8. Bg5 {C78: Ruy Lopez: Archangelsk and Möller Defences} (8. dxe5 Nxe4 9. Qd5 Nc5 10. Bc2 Ne7 11. Qd1 d5 12. exd6 Qxd6 13. Qxd6 cxd6 14. Re1 Re8 15. Be3 Bf5 {½-½ (84) Vachier Lagrave,M (2780)-Fressinet,L (2640) Brest 2019}) 8... h6 9. Bh4 exd4 10. Re1 {[#] Black must now prevent e5.White is slightly better.} d6 11. cxd4 Bg4 $146 {Hoping for ...Nxd4!} ({Predecessor:} 11... g5 12. Bg3 Bg4 13. Bxc6 bxc6 14. Nc3 Rb8 15. b3 Nh5 16. Qd3 Nxg3 17. hxg3 {1-0 (44) Deen Cowell,N (1869)-Escalante,L (1882) Parramatta 2009}) 12. Bxc6 $1 bxc6 13. Qa4 (13. Nc3 $11) 13... Bxf3 $15 14. gxf3 Qb8 15. Nd2 Qb5 16. Qxb5 axb5 17. Nb3 c5 ({Black should try} 17... Nd7 $17) 18. dxc5 $11 dxc5 19. Red1 Rfd8 (19... g5 $15 20. Bg3 Bb6) 20. Rxd8+ Rxd8 21. a4 c4 22. axb5 Bb6 23. Na5 Bxa5 (23... g5 $11 24. Bg3 Ra8) 24. Rxa5 {[%mdl 4096] Endgame KRB-KRN} Rd2 25. Ra8+ Kh7 26. Rc8 Nh5 {[#] aiming for ...Rd1+.} 27. Bg3 Rxb2 28. Rxc7 Rxb5 29. Rxc4 f5 30. Bd6 g5 31. Kg2 Kg6 32. Rc6 Kf7 33. Bc7 Nf6 34. Bd8 Nh5 $1 35. Bc7 Nf6 36. Bd8 Nh5 $1 {The position is equal.} 37. h4 Nf4+ 38. Kh2 Ne6 39. Bb6 Rb4 40. hxg5 Nxg5 41. Kg3 fxe4 42. f4 Ne6 43. f5 Ng7 44. Bc5 Rc4 45. Rc7+ Kg8 46. Rc8+ Kh7 47. Rc7 {Strongly threatening Kf4.} Kg8 48. Rc8+ {Accuracy: White = 50%, Black = 66%.} 1/2-1/2

[Event "72nd RUS-ch Higher League 2019"]
[Site "Yaroslavl"]
[Date "2019.06.29"]
[Round "3.15"]
[White "Murzin, Volodar"]
[Black "Khismatullin, Denis"]
[Result "0-1"]
[WhiteElo "2418"]
[BlackElo "2618"]
[Annotator "TA"]
[PlyCount "74"]
[EventDate "2019.06.27"]
[EventType "swiss"]
[EventCountry "RUS"]
[SourceTitle "playchess.com"]
[Source "ChessBase"]
[SourceQuality "1"]

{[%evp 15,74,0,23,8,31,0,7,0,0,0,23,-8,0,6,0,0,0,0,0,0,0,0,0,0,0,0,0,0,0,0,0,0,0,0,0,0,0,0,0,0,0,0,0,0,0,-10,-5,-27,-29,-85,-91,-80,-83,-288,-279,-551,-406,-547,-533,-5685,-5618]} 1. e4 c5 2. Nf3 d6 3. d4 cxd4 4. Nxd4 Nf6 5. Nc3 a6 6. f3 e6 7. g4 h6 8. Be3 b5 9. a3 {B80: Sicilian Scheveningen: 6 g3 and 6 Be3, including English Attack} (9. Qd2 Nbd7 10. O-O-O b4 11. Nce2 Qc7 12. Qxb4 d5 13. Qc3 Qxc3 14. Nxc3 e5 15. Nxd5 Nxd5 16. exd5 exd4 17. Bxd4 h5 18. g5 {1-0 (44) Lu,S (2634)-Xu,Y (2541) Daqing 2018}) 9... Bb7 10. h4 d5 {[%cal Rd5e4]} 11. e5 {The position is equal.} Nfd7 12. f4 Nc6 13. Qd2 b4 14. axb4 Bxb4 15. Qf2 $146 ({Predecessor:} 15. Nxc6 Bxc6 16. Bd4 a5 {1-0 (39) Varas Pizarro,I-Kuznetsov,Y ICCF email 2012}) 15... O-O 16. g5 h5 17. Be2 g6 18. O-O Qc7 19. Na4 Nxd4 20. Bxd4 a5 21. c3 Be7 22. b4 axb4 23. cxb4 Rfc8 24. Rfb1 Qc6 25. Bd3 Rxa4 26. b5 Rxa1 27. bxc6 Rxb1+ 28. Bxb1 Rxc6 {aiming for ...Rc1+.} 29. Qb2 Ba6 30. Kh2 Rc4 31. Qa1 {Strongly threatening Bd3.} Bb5 32. Qa5 (32. Kg3 $11) 32... Rxd4 $17 33. Qxb5 {[#]} Nf8 $1 34. Kg3 $2 {[#]} (34. Qf1 $17) 34... Bb4 $1 $19 35. Qb7 $2 (35. Qe2 Bd2 36. Qf2 Bxf4+ 37. Qxf4 Rxf4 38. Kxf4) 35... Bd2 36. Qb2 Bxf4+ {[%mdl 64] Double Attack} 37. Kh3 Rd2 {Accuracy: White = 44%, Black = 88%.} 0-1

[Event "72nd RUS-ch Higher League 2019"]
[Site "Yaroslavl"]
[Date "2019.06.29"]
[Round "3.16"]
[White "Rakhmanov, Aleksandr"]
[Black "Drygalov, Andrey"]
[Result "1/2-1/2"]
[WhiteElo "2615"]
[BlackElo "2494"]
[Annotator "TA"]
[PlyCount "144"]
[EventDate "2019.06.27"]
[EventType "swiss"]
[EventCountry "RUS"]
[SourceTitle "playchess.com"]
[Source "ChessBase"]
[SourceQuality "1"]

{[%evp 10,144,37,-8,7,5,50,45,45,58,61,22,26,25,25,9,41,33,36,32,29,36,39,1,44,19,13,15,1,4,19,19,19,11,18,10,13,13,16,20,24,15,20,-206,-206,-348,-91,-66,-85,-84,-70,-73,0,-101,-101,-104,-36,-236,-202,-214,-209,-205,-225,-239,-199,-262,-262,-262,-262,-262,-262,-262,-262,-276,-231,-241,-244,-249,-246,-328,-204,-189,-135,-181,-191,-183,-183,-181,2,2,20,20,16,17,20,21,26,16,33,0,8,0,0,0,8,8,8,0,8,8,8,0,8,2,11,11,15,0,22,8,23,28,23,23,33,16,20,15,16,16,20,20,25,15,15,15,15]} 1. d4 Nf6 2. c4 g6 3. Nc3 d5 4. Nf3 Bg7 5. cxd5 Nxd5 6. Qa4+ Bd7 {D90: Grünfeld: 4 Nf3 Bg7 sidelines} 7. Qa3 Nb6 (7... Nxc3 8. bxc3 O-O 9. Bg5 f6 10. Bh4 Be6 11. e4 Qd6 12. Qb2 f5 13. Ng5 h6 14. e5 Bxe5 15. Nxe6 Qxe6 16. dxe5 {0-1 (35) Yilmaz,M (2636)-Ragger,M (2687) St Petersburg 2018}) 8. Bf4 O-O $146 {White is slightly better.} ({Predecessor:} 8... Nc6 9. e3 a5 10. Qc5 Be6 11. Nb5 Nd5 12. Bg3 O-O 13. Be2 Ncb4 14. e4 {1-0 (41) Bazeev,G (2416)-Huzman,A (2580) St Petersburg 2018}) 9. e3 c6 10. h3 Be6 11. Rd1 N8d7 12. Ng5 Bc4 (12... Bd5 $5) 13. Bxc4 Nxc4 14. Qb3 b5 15. O-O Qa5 16. Nf3 e5 17. Bg3 Rac8 18. Qc2 exd4 19. Nxd4 Nc5 20. b3 Na3 21. Qc1 $1 b4 $1 {[%cal Rb4c3]} 22. Nce2 Rfd8 23. f3 Qb6 24. Bf2 Bh6 25. Nf4 Nb5 26. Qc4 $2 (26. Nxb5 $11 {and White has nothing to worry.} Qxb5 27. Rxd8+ Rxd8 28. Rd1) 26... Nc3 $19 27. Rd2 {[#]} (27. Rc1 $142 Nb7 28. Rxc3 bxc3 29. Qxc3) 27... Nd7 $2 (27... Nb7 $1 $19 {White must now prevent ...c5.} 28. Nfe6 Re8) 28. Nc2 $17 a5 {Threatens to win with ...Ne5.} 29. Ne6 Ne5 {[%cal Bd7e5,Be5c4,Bc4d2][%mdl 32]} 30. Rxd8+ Qxd8 (30... Rxd8 $17 31. Qh4 Ne2+ 32. Kh1 Rd2) 31. Nxd8 (31. Qxc3 $1 $11 bxc3 32. Nxd8 Rxd8 33. Be1) 31... Nxc4 32. Nb7 Nd2 ({Better is} 32... Rb8 $17 33. Nc5 Ne5) 33. Re1 $2 ({Only move:} 33. Ra1 $1 $15) 33... a4 34. Nc5 Nxa2 35. Nxa4 Nxb3 36. Rb1 Na5 37. Nc5 (37. Ra1 $142 b3 38. Nd4) 37... Bf8 $19 38. e4 Bxc5 39. Bxc5 b3 40. Na3 Nc3 41. Re1 {next Bb4 is good for White.} Rb8 42. Bd4 Na4 43. Be5 Rc8 44. Ra1 {intending Nb1.} Re8 45. Bf6 {[#] And now Nb1 would win.} Ra8 (45... Re6 $1 $19 {[%cal Re6f6]} 46. Nb1 Rxf6 47. Rxa4 Rd6) 46. Kf2 c5 47. g4 g5 48. Nb1 Nb6 $2 (48... Nc4 $19 {Strongly threatening ...h6.} 49. Bxg5 Kf8) 49. Nd2 $11 h6 50. Bc3 Nb7 51. Rxa8+ Nxa8 52. Nxb3 {[%mdl 4096] Endgame KBN-KNN} Nb6 53. Ke3 Kh7 54. Nc1 Nd8 55. Nd3 Ne6 56. Ne5 Kg8 57. Ba5 Nc8 58. Nd3 Nd6 {aiming for ...Nc4+.} 59. Bc3 Nc4+ 60. Kf2 Nd6 61. Be5 Nc4 62. Bf6 Nb6 63. h4 c4 64. Nb4 gxh4 65. Bxh4 h5 66. gxh5 Nf4 67. h6 Kh7 68. Bf6 Ne6 $1 69. Nd5 Nd7 70. Bc3 {Black should prevent Ne3.} Kxh6 71. f4 f5 72. exf5 Nxf4 $1 {[%mdl 64] Remove Defender. Accuracy: White = 48%, Black = 58%.} 1/2-1/2

[Event "72nd RUS-ch Higher League 2019"]
[Site "Yaroslavl"]
[Date "2019.06.29"]
[Round "3.17"]
[White "Kokarev, Dmitry"]
[Black "Bimiev, Ahmad"]
[Result "1/2-1/2"]
[WhiteElo "2609"]
[BlackElo "2238"]
[Annotator "TA"]
[PlyCount "107"]
[EventDate "2019.06.27"]
[EventType "swiss"]
[EventCountry "RUS"]
[SourceTitle "playchess.com"]
[Source "ChessBase"]
[SourceQuality "1"]

{[%evp 28,107,25,25,38,27,39,23,62,64,60,54,125,122,131,100,123,77,91,91,64,55,50,31,63,78,70,106,89,63,83,37,70,9,15,-27,-16,-18,-29,-29,36,0,0,-8,0,0,0,0,0,0,0,-10,-12,-1,-4,-31,0,-13,-6,-13,-7,-2,0,0,0,-3,0,0,0,0,0,-27,0,0,0,0,0,0,0,0,0,0]} 1. e4 e5 2. Nf3 Nc6 3. Bb5 a6 4. Ba4 Nf6 5. O-O Be7 6. Re1 b5 7. Bb3 d6 8. c3 O-O 9. h3 Nb8 10. d4 Nbd7 11. Nbd2 Bb7 12. Bc2 Re8 13. Nf1 Bf8 14. Ng3 g6 15. a4 c6 {C95: Closed Ruy Lopez: Breyer Variation with 10 d4} (15... c5 16. d5 c4 17. Bg5 Nc5 18. Nh2 h6 19. Be3 h5 20. Qf3 Nh7 21. Qe2 Qc7 22. Ngf1 Rab8 23. Nd2 Bc8 24. axb5 axb5 25. f4 exf4 26. Bxf4 {1-0 (42) Vachier Lagrave,M (2780)-Amin,B (2704) Brest 2019}) 16. Be3 Qc7 17. Qd2 Nb6 {White has an edge.} 18. Bh6 $146 ({Predecessor:} 18. b3 bxa4 19. Bg5 Bg7 20. bxa4 {1-0 (35) Kuemin,S-Gehrig,P Zuerich 1995}) 18... Nfd7 19. b3 {[%cal Bb2b3,Bb3b4][%mdl 32]} Rad8 (19... a5 $14) 20. a5 $16 Nc8 21. b4 c5 22. Bg5 f6 23. Be3 d5 24. bxc5 Nxc5 {[%cal Rd5e4]} 25. Nxe5 Nxe4 26. Nxe4 dxe4 27. Bb3+ Bd5 28. Bxd5+ Rxd5 29. Qa2 Red8 $1 30. Ng4 (30. c4 $1 $14 bxc4 31. Nxc4) 30... Qf7 $11 31. Bf4 h5 32. Ne3 R5d7 33. g4 Bd6 (33... hxg4 $11 34. Qxf7+ (34. Nxg4 Bg7 $15) (34. hxg4 Qxa2 35. Rxa2 Ne7 $11) 34... Kxf7 35. hxg4 Bd6 36. Bxd6 Rxd6) 34. Bxd6 (34. Nd5 {is interesting.} Bxf4 35. Nxf4 Qxa2 36. Rxa2 Kf7 37. Rxe4 hxg4 38. Nd3) 34... Nxd6 35. gxh5 Qxa2 36. Rxa2 gxh5 37. Kh2 Kf7 38. Nd5 Rg8 39. Raa1 Rg5 40. Nb4 Ra7 41. Re3 Rf5 42. Kg2 Ra8 43. Rg3 Nc4 (43... h4 $5 44. Rg4 $8 Rf3 $11) 44. Re1 Rf4 45. Nd5 Rf5 46. Nb4 Rf4 47. Nd5 Rf5 48. Ne3 Nxe3+ 49. Rexe3 {KRR-KRR} b4 (49... Re8 {with more complications.} 50. Kf1 Rf4 51. f3 f5 52. Rg2 h4) 50. cxb4 {The position is equal.} Rb8 51. Rxe4 Rxb4 52. Ra3 Rd5 53. Rc3 Rxa5 54. Rc7+ {Accuracy: White = 58%, Black = 54%.} 1/2-1/2

[Event "72nd RUS-ch Higher League 2019"]
[Site "Yaroslavl"]
[Date "2019.06.29"]
[Round "3.18"]
[White "Bigaliev, Renat"]
[Black "Pridorozhni, Aleksei"]
[Result "1/2-1/2"]
[WhiteElo "2427"]
[BlackElo "2588"]
[Annotator "ChessBase"]
[PlyCount "81"]
[EventDate "2019.06.27"]
[EventType "swiss"]
[EventCountry "RUS"]
[SourceTitle "playchess.com"]
[Source "ChessBase"]
[SourceQuality "1"]
[TimeControl "40/5400+30:1800+30"]

1. d4 {[%emt 0:00:00]} Nf6 {[%emt 0:00:00]} 2. Nf3 {[%emt 0:00:17]} c5 {[%emt 0:00:27]} 3. d5 {[%emt 0:04:05]} b5 {[%emt 0:00:10]} 4. c4 {[%emt 0:03:51]} bxc4 {[%emt 0:00:22]} 5. Nc3 {[%emt 0:00:43]} d6 {[%emt 0:00:40]} 6. e4 {[%emt 0:01:11]} Nbd7 {[%emt 0:01:31]} 7. Bxc4 {[%emt 0:06:47]} g6 {[%emt 0:00:42]} 8. O-O {[%emt 0:00:18]} Bg7 {[%emt 0:00:20]} 9. Bg5 {[%emt 0:11:15]} O-O {[%emt 0:01:37]} 10. Qd2 {[%emt 0:01:18]} Nb6 {[%emt 0:01:45]} 11. Bd3 {[%emt 0:02:29]} a5 {[%emt 0:17:20]} 12. Rfe1 {[%emt 0:13:39]} Bg4 {[%emt 0:12:21]} 13. Nh4 {[%emt 0:05:17]} a4 {[%emt 0:00:42]} 14. Bh6 {[%emt 0:06:03]} e5 {[%emt 0:07:32]} 15. dxe6 {[%emt 0:02:25]} Bxe6 {[%emt 0:00:35]} 16. Bxg7 {[%emt 0:04:22]} Kxg7 {[%emt 0:00:49]} 17. Rad1 {[%emt 0:02:31]} Ng4 {[%emt 0:12:42]} 18. Nf3 {[%emt 0:01:58]} Ne5 {[%emt 0:02:07]} 19. Be2 {[%emt 0:13:30]} Nbc4 {[%emt 0:07:09]} 20. Qc2 {[%emt 0:02:07]} Nxf3+ {[%emt 0:11:30]} 21. Bxf3 {[%emt 0:00:05]} Qb8 {[%emt 0:01:34]} 22. e5 {[%emt 0:04:35]} Qxb2 {[%emt 0:02:32]} 23. Qxb2 {[%emt 0:00:02]} Nxb2 {[%emt 0:00:08]} 24. Rxd6 {[%emt 0:00:12]} Rad8 {[%emt 0:01:11]} 25. a3 {[%emt 0:04:24]} Bb3 {[%emt 0:13:32]} 26. Bc6 {[%emt 0:01:32]} Nd3 {[%emt 0:00:58]} 27. Re4 {[%emt 0:02:43]} c4 {[%emt 0:00:31]} 28. f4 {[%emt 0:01:11]} Rb8 {[%emt 0:01:07]} 29. g4 {[%emt 0:00:56]} Nc5 {[%emt 0:00:30]} 30. Re3 {[%emt 0:00:32]} Bc2 {[%emt 0:00:13]} 31. Rd2 {[%emt 0:00:57]} Bd3 {[%emt 0:00:22]} 32. Nxa4 {[%emt 0:00:47]} Rb1+ {[%emt 0:00:38]} 33. Kg2 {[%emt 0:00:07]} Nxa4 {[%emt 0:01:22]} 34. Bxa4 {[%emt 0:00:01]} Rfb8 {[%emt 0:00:56]} 35. e6 {[%emt 0:01:25]} fxe6 {[%emt 0:00:16]} 36. Rxe6 {[%emt 0:00:03]} Ra1 {[%emt 0:00:33]} 37. Bc6 {[%emt 0:01:37]} Rxa3 {[%emt 0:00:13]} 38. Be4 {[%emt 0:01:02]} Rd8 {[%emt 0:01:20]} 39. Bxd3 {[%emt 0:01:17]} cxd3 {[%emt 0:00:38]} 40. Re3 {[%emt 0:00:00]} Ra4 {[%emt 0:00:00]} 41. Rexd3 {[%emt 0:00:45]} 1/2-1/2

[Event "72nd RUS-ch Higher League 2019"]
[Site "Yaroslavl"]
[Date "2019.06.29"]
[Round "3.19"]
[White "Rychkov, Oleg"]
[Black "Romanov, Evgeny"]
[Result "1/2-1/2"]
[WhiteElo "2409"]
[BlackElo "2577"]
[Annotator "ChessBase"]
[PlyCount "80"]
[EventDate "2019.06.27"]
[EventType "swiss"]
[EventCountry "RUS"]
[SourceTitle "playchess.com"]
[Source "ChessBase"]
[SourceQuality "1"]
[TimeControl "40/5400+30:1800+30"]

1. c4 {[%emt 0:00:00]} e5 {[%emt 0:03:57]} 2. Nc3 {[%emt 0:00:00]} Nc6 {[%emt 0:00:39]} 3. g3 {[%emt 0:00:16]} f5 {[%emt 0:03:10]} 4. Bg2 {[%emt 0:02:03]} Nf6 {[%emt 0:00:09]} 5. e3 {[%emt 0:00:44]} d6 {[%emt 0:02:50]} 6. Nge2 {[%emt 0:01:26]} g5 {[%emt 0:04:47]} 7. d4 {[%emt 0:09:15]} Bg7 {[%emt 0:01:05]} 8. dxe5 {[%emt 0:01:18]} dxe5 {[%emt 0:01:07]} 9. Qxd8+ {[%emt 0:03:06]} Nxd8 {[%emt 0:01:47]} 10. e4 {[%emt 0:00:49]} f4 {[%emt 0:03:56]} 11. h4 {[%emt 0:02:04]} h6 {[%emt 0:01:15]} 12. hxg5 {[%emt 0:12:29]} hxg5 {[%emt 0:00:21]} 13. Rxh8+ {[%emt 0:00:03]} Bxh8 {[%emt 0:00:07]} 14. b3 {[%emt 0:00:23]} Ne6 {[%emt 0:01:57]} 15. Bb2 {[%emt 0:00:40]} g4 {[%emt 0:08:33]} 16. f3 {[%emt 0:16:20]} gxf3 {[%emt 0:02:13]} 17. Bxf3 {[%emt 0:00:03]} Ng5 {[%emt 0:00:16]} 18. Bh1 {[%emt 0:01:02]} f3 {[%emt 0:09:25]} 19. Bc1 {[%emt 0:00:35]} Nfxe4 {[%emt 0:21:31]} 20. Nxe4 {[%emt 0:00:14]} Nxe4 {[%emt 0:00:06]} 21. Bxf3 {[%emt 0:00:35]} Nf6 {[%emt 0:00:09]} 22. Bb2 {[%emt 0:01:49]} e4 {[%emt 0:02:11]} 23. Bxe4 {[%emt 0:03:26]} Nxe4 {[%emt 0:00:53]} 24. Bxh8 {[%emt 0:00:10]} Bg4 {[%emt 0:00:07]} 25. Nc3 {[%emt 0:01:06]} Nxg3 {[%emt 0:11:00]} 26. Be5 {[%emt 0:01:47]} O-O-O {[%emt 0:01:31]} 27. Bxg3 {[%emt 0:00:55]} Rd3 {[%emt 0:00:04]} 28. Ne4 {[%emt 0:08:09]} Re3+ {[%emt 0:00:18]} 29. Kd2 {[%emt 0:00:04]} Rxe4 {[%emt 0:00:06]} 30. Re1 {[%emt 0:00:03]} Rxe1 {[%emt 0:00:15]} 31. Bxe1 {[%emt 0:00:05]} Bf5 {[%emt 0:00:05]} 32. Kc3 {[%emt 0:00:05]} c5 {[%emt 0:00:12]} 33. Bf2 {[%emt 0:00:07]} b6 {[%emt 0:00:06]} 34. a4 {[%emt 0:00:04]} Kb7 {[%emt 0:00:07]} 35. a5 {[%emt 0:00:07]} Kc6 {[%emt 0:00:15]} 36. axb6 {[%emt 0:00:08]} axb6 {[%emt 0:00:03]} 37. b4 {[%emt 0:00:04]} cxb4+ {[%emt 0:00:06]} 38. Kxb4 {[%emt 0:00:02]} Be6 {[%emt 0:00:08]} 39. Bxb6 {[%emt 0:00:05]} Bxc4 {[%emt 0:00:05]} 40. Kxc4 {[%emt 0:00:00]} Kxb6 {[%emt 0:00:00]} 1/2-1/2